000 00531nam a2200181 i 4500
001 45544
003 ES-MaACL
005 20230906161233.0
007 t|
008 030326s1972 sp a |||| | spa d
100 1 _aCohen, Maurice.
_939508
245 1 3 _aLa política de promoción de ventas /
_cM. Cohen ; [traducción, Antonio Aguado].
260 _a[Madrid] :
_bGuadiana,
_c[1972]
300 _a142 p. ;
_c18 cm.
650 4 _aPromoción de ventas.
_9165084
700 1 _aAguado, Antonio.
_918601
852 _aES-MaACL
_jC-50041
999 _c45544
_d45544